| 000 | nam a22 7a 4500 | ||
|---|---|---|---|
| 999 |
_c276 _d276 |
||
| 005 | 20170502093059.0 | ||
| 008 | 170428b2014 my ||||| |||| 00| 0 eng d | ||
| 040 | _aAKMAL | ||
| 082 | _a343.5950550269 MAL | ||
| 090 |
_a343.5950550269 _bMAL |
||
| 245 |
_aAKTA CUKAI BARANG DAN PERKHIDMATAN 2014 : _bPeraturan-peraturan Cukai Barang dan Perkhidmatan (Kajian Semula dan Rayuan) 2014 |
||
| 300 | _c24cm | ||
| 599 | _aDALAM PROSES | ||
| 650 |
_aAkta & Peraturan Cukai Barang Dan Perkhidmatan 2014 _9620 |
||
| 942 |
_2ddc _cBOOK |
||